000 00588cam a22002294a 4500
005 20250605164315.0
008 250528s ||||||||||||||||||||||||d
035 _a22645
020 _a9780273717263
040 _aGR-AtMCL
_bgre
_dGR-AtMCL
_eAACR2
245 1 _aCONSUMER BEHAVIOUR / A EUROPEAN PERSPECTIVE
250 _a4
260 _bPrentice Hall,
_c1999
300 _a700
700 1 _aAskegaard Soren
_98393
700 1 _aBamossy Gary
_98394
700 1 _aHogg Margaret K
_98395
700 1 _aSolomon Michael R
_91728
942 _cBK
999 _c7693
_d7693